000 00428nam a2200181Ia 4500
001 12783
005 20260306163006.0
008 260306t1987||||xx |||||||||||||| ||spa||
041 _aESP
082 _aRD 300.3
_bP84
100 _aPratt Fairchild, Henry
_eAUT
245 0 _aDiccionario de sociologia
260 _c1987
300 _a317 páginas :
_c23 cm.
650 _aGEN
654 _aCHU
942 _cDIC
_dJUS
_fJUS
_2ddc
_n
999 _c12783
_d12783